FileMaker Pro 9 : the missing manual
Saved in:
| Main Author | |
|---|---|
| Other Authors | |
| Format | Book |
| Language | English |
| Published |
Beijing ; Sebastopol, CA :
Pogue Press/O'Reilly,
c2007.
|
| Edition | 1st ed. |
| Subjects | |
| Online Access | Plný text pro uživatele UTB |
| ISBN | 0596514131 978-0-596-51413-6 |
| Physical Description | xxiv, 801 s. : il. ; 24 cm. |
Cover
| LEADER | 00000cam a22000007a 4500 | ||
|---|---|---|---|
| 001 | 34631 | ||
| 003 | CZ-ZlUTB | ||
| 005 | 20240911205556.0 | ||
| 006 | m-----o--d-------- | ||
| 007 | cr-|n- | ||
| 008 | 060313s2007 cc | eng d | ||
| 999 | |c 34631 |d 34631 | ||
| 020 | |a 0596514131 | ||
| 020 | |a 978-0-596-51413-6 | ||
| 040 | |a ORX |b cze |c ORX |d ZLD002 | ||
| 072 | 7 | |a 004.4/.6 |x Programování. Software |2 Konspekt |9 23 | |
| 080 | |a 004.658 |2 MRF | ||
| 100 | 1 | |a Coffey, Geoff. | |
| 245 | 1 | 0 | |a FileMaker Pro 9 : |b the missing manual / |c Geoff Coffey and Susan Prosser. |
| 250 | |a 1st ed. | ||
| 260 | |a Beijing ; |a Sebastopol, CA : |b Pogue Press/O'Reilly, |c c2007. | ||
| 300 | |a xxiv, 801 s. : |b il. ; |c 24 cm. | ||
| 500 | |a Obsahuje index | ||
| 506 | |a Plný text je dostupný po přihlášení pouze pro studenty a zaměstnance | ||
| 538 | |a Způsob přístupu: WWW | ||
| 650 | 0 | 7 | |a správa databází |7 ph137775 |2 czenas |
| 653 | 0 | |a filemaker pro | |
| 655 | 7 | |a elektronické knihy |7 fd186907 |2 czenas | |
| 700 | 1 | |a Prosser, Susan. | |
| 856 | 4 | 1 | |u https://digilib.k.utb.cz/handle/10563/52119 |z Plný text pro uživatele UTB |
| 910 | |a ZLD002 | ||
| 942 | |2 udc | ||
| 992 | |a ER |c EBOOK-TN |c OReilly | ||
| 993 | |x NEPOSILAT |y EIZ | ||